1757 1238 1231 1100 1083 1732 1165 1527 1899 1063 1323 1845 1651 1198 1380 1287 1883 1939 1730 1290 1702 1205 1562 1396 1041 1114 1062 1185 1784 1148 1533 1300 1962 1529 1277 1505 1842 1846 1441 1865 1701 1848 1937 1477 1415 1885 1061 1363 1423 1715 1712 1680 1930 1956 1768 1855 1800 1232 1735 1457 1335 1098 1527 1421 1354 1651 1356 1618 1858 1657 1394 1094 1213 1931 1036 1097 1729 1769 1657 1206 1326 1075 1188 1968 1267 1671 1135 1856 1091 1296 1173 1499 1588 1158 1458 1254 1220 1466 1023 BCNSPRNW ULIB Ver.6.0+V

เปลี่ยนเป็นภาษาไทย

Change to English
 แสดงรายละเอียดบรรณานุกรม
  กลับหน้าหลัก

Brief Record : Get Marc (ISO 2709) : E-mail record : QR code < ปิดหน้าต่าง
LEADER : 00000nam 2200000uu 4500
001    13399114848
003     ULIB
008    120611s2553||||th 000 0 tha d
020    ^a9789740326489
060 04 ^aWA590^bณ249ก
100 0  ^aณรงค์ศักดิ์ หนูสอน
245 10 ^aการส่งเสริมสุขภาพในชุมชนแนวคิดและการปฏิบัติ /^cณรงค์ศักดิ์ หนูสอน
250    ^aพิมพ์ครั้งที่ 1
260    ^aกรุงเทพฯ :^bโรงพิมพ์แห่งจุฬาลงกรณ์มหาวิทยาลัย,^c2553
300    ^a253 หน้า :^bภาพประกอบ ;^c26 ซม.
650  7 ^aการส่งเสริมสุขภาพ
945    ^p185^l0^i16822
945    ^p185^l0^i16823
945    ^p185^l0^i16821
945    ^p185^l0^i16824
995    ^aกัณชพร
999    ^aใช้งานได้ทุกระบบ
รายการนี้ยังไม่มีแท็ก
คุณยังไม่ได้ล็อกอิน คุณสามารถมีกิจกรรมร่วมกับเว็บไซต์ได้ แต่ต้องล็อกอินก่อน ::
  ล็อกอิน

รายการสื่อสารสนเทศ

ลำดับที่ ประเภท เลขเรียก/บาร์โค้ด สถานที่ สถานะ
1. วิทยาศาสตร์การแพทย์ และสุขภาพ
วิทยาศาสตร์การแพทย์ และสุขภาพ
WA590 ณ249ก ฉ.1 
  Barcode: 16821
ห้องสมุดวิทยาเขตนครสวรรค์
►หนังสือทั่วไป:l:General Books
บนชั้น
2. วิทยาศาสตร์การแพทย์ และสุขภาพ
วิทยาศาสตร์การแพทย์ และสุขภาพ
WA590 ณ249ก ฉ.4 
  Barcode: 16824
ห้องสมุดวิทยาเขตนครสวรรค์
►หนังสือทั่วไป:l:General Books
บนชั้น

รายการใกล้เคียง
    ผู้แต่ง [ณรงค์ศักดิ์ หนูสอน]

    หัวเรื่อง [การส่งเสริมสุขภาพ]

BibComment


ยังไม่เคยถูกคอมเมนท์

คอมเมนท์ทรัพยากรรายการนี้
  คอมเมนท์: การส่งเสริมสุขภา..


 Copyright 2026. Bcnsprnw @Library